000 01121nam a22002297a 4500
999 _c6981
_d6981
003 AR-CdUCM
008 190319b ||||| |||| 00| 0 eng d
040 _aMUNICIPALIDAD PROVINCIAL DEL CUSCO
_cBIBLIOTECA MUNICIPAL DEL CUSCO
082 _23ed.
_a709 /
_bP56
100 _aPijoán, José
_918769
245 _aSumma Artis, Historia general del arte :
_bEl Arte Romano hasta la muerta de Diocleciano, arte Etrusco y arte Helenístico después de la toma de Corinto /
260 _aMadrid
_bEspasa-Calpe, S.A.,
_c1953.
300 _a591 páginas ;
_bIlustraciones en color y b/n.
_c27 cm.
505 _aContenido: Moderna interpretación del arte romano -- Arte de los primitivos pueblos itálicos -- El arte romano durante el periodo de la oligarquía patricia --El arte romano durante la época del predominio de la cultura helénica en Roma -- El arte romano durante emperadores Julios y Claudios...
650 _aHistoria del Arte
_91647
650 _aPintura
_93081
650 _aArte romano
_96263
650 _aArte etrusco
_919686
650 _aArte helenístico
_919687
942 _2ddc
_cLIBROS
945 _anom